|
|
|
|
| LEADER |
00000naa2a2200000 4500 |
| 001 |
143767 |
| 005 |
20231031143332.0 |
| 035 |
|
|
|a (RuTPU)RU\TPU\book\155799
|
| 090 |
|
|
|a 143767
|
| 100 |
|
|
|a 20080924d2005 k y0rusy50 ca
|
| 101 |
0 |
|
|a rus
|
| 102 |
|
|
|a RU
|
| 200 |
1 |
|
|a Рефакторинг базы данных
|f М. П. Бизина, М. В. Терентьева, Е. М. Кириченко
|
| 463 |
|
0 |
|0 (RuTPU)RU\TPU\book\118408
|t Молодежь и современные информационные технологии
|o сборник трудов III Всероссийской научно-практической конференции студентов, г. Томск, 15 февраля - 17 февраля 2005 г.
|f Томский политехнический университет
|v С. 107-109
|d 2005
|p 284 с.
|
| 610 |
1 |
|
|a базы данных
|
| 610 |
1 |
|
|a студенты
|
| 610 |
1 |
|
|a рейтинги
|
| 610 |
1 |
|
|a рефакторинг
|
| 610 |
1 |
|
|a хранение информации
|
| 610 |
1 |
|
|a структура
|
| 610 |
1 |
|
|a труды учёных ТПУ
|
| 700 |
|
1 |
|a Бизина
|b М. П.
|
| 701 |
|
1 |
|a Терентьева
|b М. В.
|
| 701 |
|
1 |
|a Кириченко
|b Е. М.
|
| 801 |
|
1 |
|a RU
|b 63413507
|c 20080924
|g PSBO
|
| 942 |
|
|
|c BK
|